00652 2200217 4500001002100000005001500021035002000036007000300056008004100059020000600100082001200106084001800118100002600136245014600162250001000308260003300318300003900351600002600390856000600416990001200422INLIS00000000000227620220420123700 a0010-0422001850ta220420 j 0 ind  a- aR959.8. aR959.8. YUD s0 aYudhistira Ikranegara1 aSejrah Lengkap Pahlawan Indonesia :bKumpulan Data dan Sejarah Perjuangan Pahlawan Indonesia yang Wajib Anda Ketahui /cYudhistira Ikranegara acet.1 aSurabaya :bDua Media,c2014 a128 hlm. :bilus. ;c14 x 21 cme- 4aYudhistira Ikranegara a- aR210184